Chuyên đề xây dựng trình độ cấp bậc thợ

Αποθηκεύτηκε σε:
Λεπτομέρειες βιβλιογραφικής εγγραφής
Κύριος συγγραφέας: Ủy ban nhân dân tỉnh Cần Thơ
Μορφή: Βιβλίο
Γλώσσα:Undetermined
Έκδοση: Ủy ban nhân dân tỉnh Cần Thơ 2001
Θέματα:
Ετικέτες: Προσθήκη ετικέτας
Δεν υπάρχουν, Καταχωρήστε ετικέτα πρώτοι!
Thư viện lưu trữ: Trung tâm Học liệu Trường Đại học Cần Thơ
LEADER 00484nam a2200145Ia 4500
001 CTU_52854
008 210402s9999 xx 000 0 und d
082 |a 331.11 
082 |b U523 
100 |a Ủy ban nhân dân tỉnh Cần Thơ 
245 0 |a Chuyên đề xây dựng trình độ cấp bậc thợ 
260 |b Ủy ban nhân dân tỉnh Cần Thơ 
260 |c 2001 
650 |a labor supply 
980 |a Trung tâm Học liệu Trường Đại học Cần Thơ